000 00263nam a22001097a 4500
082 _a340
100 _aGupta ,Virag
_983366
245 _aNew Criminal Laws CRIMINAL MANUAL
260 _aDelhi
_bCommercial Law Publishers
_c2024
650 _aLAW
942 _cC. BOOKS
999 _c68253
_d68253